គំរោងផ្នែកជុសជុលត្រាក់ទ័រនៃរោងជាងថ្នាក់ទី២ជាមួយការរៀបចំដោះអំប្រាយ៉ា និងបង្គុំឡើងវិញ (Record no. 4170)

000 -LEADER
fixed length control field 00626nam a22001577a 4500
003 - CONTROL NUMBER IDENTIFIER
control field OSt
005 - DATE AND TIME OF LATEST TRANSACTION
control field 20151207151916.0
008 - FIXED-LENGTH DATA ELEMENTS--GENERAL INFORMATION
fixed length control field 151207b xxu||||| |||| 00| 0 eng d
040 ## - CATALOGING SOURCE
Transcribing agency RUA
082 ## - DEWEY DECIMAL CLASSIFICATION NUMBER
Classification number ATM បែន 1991 B189 Or.1
100 ## - MAIN ENTRY--PERSONAL NAME
9 (RLIN) 4472
Personal name បែន, សុផុន
245 ## - TITLE STATEMENT
Title គំរោងផ្នែកជុសជុលត្រាក់ទ័រនៃរោងជាងថ្នាក់ទី២ជាមួយការរៀបចំដោះអំប្រាយ៉ា និងបង្គុំឡើងវិញ
260 ## - PUBLICATION, DISTRIBUTION, ETC. (IMPRINT)
Place of publication, distribution, etc. Phnom Penh
Name of publisher, distributor, etc. RUA
Date of publication, distribution, etc. 1991
300 ## - PHYSICAL DESCRIPTION
Extent 59p.
Other physical details ill.
Dimensions 29cm.
942 ## - ADDED ENTRY ELEMENTS (KOHA)
Source of classification or shelving scheme
Koha item type ATM
Holdings
Price effective from Date last seen Permanent Location Not for loan Date acquired Source of classification or shelving scheme Koha item type Barcode Lost status Damaged status Withdrawn status Current Location Full call number
2015-12-072015-12-07Library Block B 2015-12-07 ATMRUA042736   Library Block BATM បែន 1991 B189 Or.1
2015-12-072015-12-07Library Block B 2015-12-07 ATMRUA44132   Library Block BATM បែន 1991 B189 Or.2
2015-12-072015-12-07Library Block B 2015-12-07 ATMRUA44806   Library Block BATM បែន 1991 B189 Or.3
2015-12-072015-12-07Library Block B 2015-12-07 ATMRUA41223   Library Block BATM បែន 1991 B189 Or.4
2015-12-072015-12-07Library Block B 2015-12-07 ATMRUA41276   Library Block BATM បែន 1991 B189 Or.5
2015-12-072015-12-07Library Block B 2015-12-07 ATMRUA44658   Library Block BATM បែន 1991 B189 Or.6
2015-12-072015-12-07Library Block B 2015-12-07 ATMRUA44545   Library Block BATM បែន 1991 B189 Or.7
មជ្ឈមណ្ឌលឯការនៃសាកលវិទ្យាល័យភូមិន្ទកសិកម្មចំការដូង

Powered by Koha